Исследование карбонатных банок Хорейверской впадины как приоритетное направление геолого-разведочных работ; Нефтяное хозяйство; № 9

Bibliographic Details
Parent link:Нефтяное хозяйство: научно-технический производственный журнал.— , 1925-1940, 1946-.— 0028-2448
№ 9.— 2003.— С. 31-33
Main Author: Сысоев Ю. А.
Language:Russian
Published: 2003
Series:Геология и геолого-разведочные работы
Subjects:
Format: Book Chapter
KOHA link:https://koha.lib.tpu.ru/cgi-bin/koha/opac-detail.pl?biblionumber=388538

MARC

LEADER 00000naa2a2200000 4500
001 388538
005 20231101063749.0
035 |a (RuTPU)RU\TPU\prd\19806 
090 |a 388538 
100 |a 20031119a2003 k y0rusy50 ca 
101 0 |a rus 
102 |a RU 
200 1 |a Исследование карбонатных банок Хорейверской впадины как приоритетное направление геолого-разведочных работ  |f Ю. А. Сысоев 
225 1 |a Геология и геолого-разведочные работы 
320 |a Библиогр.: 3 назв. 
461 1 |0 (RuTPU)RU\TPU\prd\1638  |x 0028-2448  |t Нефтяное хозяйство  |o научно-технический производственный журнал  |d 1925-1940, 1946- 
463 1 |0 (RuTPU)RU\TPU\prd\19234  |t № 9  |v С. 31-33  |d 2003 
610 1 |a геолого-разведочное производство 
610 1 |a Хорейверская впадина 
610 1 |a карбонатные банки 
610 1 |a Сандивей-Баганская зона 
675 |a 551.243  |v 3 
700 1 |a Сысоев  |b Ю. А. 
801 1 |a RU  |b 63413507  |c 20031119  |g PSBO 
801 2 |a RU  |b 63413507  |c 20131028  |g RCR 
942 |c BK